000 01000nac a22002891i 4500
003 EG-ScBUE
005 20230102113732.0
008 230102t2005 ja ae f 001 0 eng d
020 _a4897375207
040 _aEG-ScBUE
_beng
_erda
_cEG-ScBUE
_dEG-ScBUE
082 0 4 _a729.28
_bMEN
_222
100 1 _aMende, Kaoru,‏
_d1950-
_eauthor.
245 1 0 _aLighting design :
_bfor urban environments and architecture /
_cKaoru Mende and Lighting Planners Associates Inc.
264 1 _aTokyo :
_bRikuyosha,
_c[2005]
264 4 _cc2005
300 _a208 pages :
_bcolor illustrations, plans ;
_c31 cm
500 _aIncludes index.
546 _aText in Japanese and English.
650 7 _aLighting
_xArchitectural and decoration.
_2BUEsh
650 7 _aInterior lighting.
_2BUEsh
650 7 _aExterior lighting.
_2BUEsh
650 7 _aLight in architecture.
_2BUEsh
653 _bENGARC
655 _vReading book
710 2 _aLighting Planners Associates Inc,
_eauthor.
942 _cBB
_2ddc
999 _c1981
_d1981